[Event "EU-Cup 35th"]
[Site "Ulcinj"]
[Date "2019.11.11"]
[Round "2.12"]
[White "Andreikin, Dmitry"]
[Black "Abasov, Nijat Azad"]
[Result "1/2-1/2"]
[WhiteElo "2733"]
[BlackElo "2655"]
[PlyCount "67"]
[EventDate "2019.11.10"]
[EventType "team-swiss"]
[EventRounds "7"]
[EventCountry "MNE"]
[SourceTitle "CBM 193 Extra"]
[Source "ChessBase"]
[SourceDate "2020.01.31"]
[SourceVersion "1"]
[SourceVersionDate "2020.01.31"]
[SourceQuality "1"]
[WhiteTeam "Alkaloid"]
[BlackTeam "Raika Feffernitz"]
[WhiteTeamCountry "MKD"]
[BlackTeamCountry "AUT"]

1. d4 Nf6 2. c4 e6 3. Nf3 d5 4. e3 a6 5. b3 c5 6. Bb2 cxd4 7. exd4 b6 8. Bd3 Be7 9. O-O Bb7 10. Nbd2 Nbd7 11. Qe2 O-O 12. Ne5 dxc4 13. bxc4 Nxe5 14. dxe5 Nd7 15. Ne4 Nc5 $146 ({RR} 15... Qc7 16. Ng3 Nc5 17. Bc2 Qc6 18. f3 Rfd8 19. Nh5 Na4 20. Rab1 Nxb2 21. Rxb2 Qc5+ 22. Kh1 Rd4 23. Rfb1 Rad8 24. Qe1 Rxc4 25. Qg3 g6 26. Bb3 Rc1+ {0-1 (26) Merino Garcia,R (2382)-Svane,R (2627) chess.com INT 2024}) ({RR} 15... Qc7 16. Ng3 Nc5 17. Bc2 Qc6 18. f3 Rfd8 19. Nh5 Na4 20. Rab1 Nxb2 21. Rxb2 Qc5+ 22. Kh1 Rd4 23. Rfb1 Rad8 24. Qe1 Rxc4 25. Qg3 g6 26. Bb3 Rc1+ {0-1 (26) Merino Garcia,R (2382)-Svane,R (2627) chess.com INT 2024}) 16. Nf6+ Bxf6 17. Bxh7+ Kxh7 18. Qh5+ Kg8 19. exf6 e5 20. fxg7 Kxg7 21. Rad1 Qe7 22. Rfe1 f6 23. Re3 Rg8 24. Rg3+ Kf8 25. Qh6+ Kf7 26. Qh7+ Ke6 27. Qh3+ Kf7 28. Qh7+ Ke6 29. Qh3+ Kf7 30. Qh7+ Kf8 31. Qh6+ Kf7 32. Qh7+ Ke6 33. Qh3+ Kf7 34. Qh7+ 1/2-1/2

[Event "chess.com SpeedChess 2024"]
[Site "chess.com INT"]
[Date "2024.08.09"]
[Round "2.3"]
[White "Nakamura, Hi"]
[Black "Nepomniachtchi, I."]
[Result "0-1"]
[WhiteElo "2802"]
[BlackElo "2770"]
[PlyCount "67"]
[EventDate "2024.07.25"]
[EventType "k.o."]

1. Nf3 d5 2. d4 Nf6 3. c4 e6 4. e3 Be7 5. Bd3 O-O 6. O-O c5 7. dxc5 dxc4 8. Bxc4 Bxc5 9. a3 b6 10. Qe2 $146 ({RR} 10. b4 Be7 11. Bb2 Bb7 12. Qe2 a5 13. bxa5 Rxa5 14. Nbd2 Nbd7 15. Nb3 Rh5 16. Rfd1 Qb8 17. h3 Qa8 18. Nbd2 Rh6 19. Bd3 Nc5 20. Bc2 Na4 21. Bd4 Rc8 22. Rdc1 Nd5 23. Qe1 Nc5 24. Nc4 Ba6 {Nakamura,H (2802)-Nepomniachtchi,I (2770) chess.com INT 2024 0-1 (73)}) 10... Bb7 11. b4 Be7 12. Rd1 Nbd7 13. Bb2 a5 14. b5 Qc7 15. Nbd2 Rac8 16. Rac1 Qb8 17. Qe1 Rfd8 18. Be2 Nc5 19. Nc4 Bd5 20. Nfe5 Nfd7 21. Bf3 Nxe5 22. Bxe5 Qb7 23. Qe2 Nb3 24. Rc3 a4 25. Bxd5 exd5 26. Qg4 g6 27. Nb2 Nc5 28. Nxa4 d4 29. Rxd4 h5 30. Qf4 g5 31. Nxc5 bxc5 32. Rxd8+ Rxd8 33. Qf3 Qe4 34. h4 0-1

[Event "ESP-chT CECLUB Honor"]
[Site "Linares"]
[Date "2015.08.19"]
[Round "5.1"]
[White "Dominguez Perez, Leinier"]
[Black "Van Wely, Loek"]
[Result "1/2-1/2"]
[WhiteElo "2736"]
[BlackElo "2654"]
[PlyCount "65"]
[EventDate "2015.08.15"]
[EventType "team-tourn"]
[EventRounds "7"]
[EventCountry "ESP"]
[SourceTitle "EXT 2016"]
[Source "ChessBase"]
[SourceDate "2015.10.08"]
[SourceVersion "1"]
[SourceVersionDate "2015.10.08"]
[SourceQuality "1"]
[WhiteTeam "Sestao Fundacion EDP"]
[BlackTeam "Taldea Gros Xake"]
[WhiteTeamCountry "ESP"]
[BlackTeamCountry "ESP"]

1. d4 d5 2. c4 c6 3. Nf3 Nf6 4. e3 e6 5. b3 Nbd7 6. Bd3 Bb4+ 7. Nbd2 e5 8. dxe5 Bc3 9. Rb1 Nxe5 10. Nxe5 Bxe5 11. Qc2 ({RR} 11. O-O O-O 12. Nf3 Bc7 13. Bb2 Bg4 14. h3 Bh5 15. Qc2 Ne4 16. cxd5 cxd5 17. Bxe4 dxe4 18. Qc3 f6 19. Nd4 Qd6 20. g3 Qd7 21. Kh2 Rac8 22. Qc4+ Rf7 23. Qe6 Be5 24. Rbc1 Re8 25. Qxd7 Rxd7 {Malakhov,V (2691)-Van Wely,L (2653) Jurmala 2016 ½-½ (54)}) 11... O-O 12. Nf3 Bc7 $146 ({RR} 12... Bd6 13. cxd5 Bb4+ 14. Bd2 Bxd2+ 15. Nxd2 Qxd5 16. Ne4 Nxe4 17. Bxe4 Qh5 18. b4 a5 {½-½ (18) Chibukhchian,A (2450)-Andriasian,Z (2610) Jermuk 2013}) 13. Bb2 Ba5+ 14. Ke2 h6 15. Rhd1 Be6 16. h3 Qe7 17. Kf1 Rad8 18. Nd4 Ne4 19. Bxe4 dxe4 20. Nxe6 Qxe6 21. Bc3 Bc7 22. Rxd8 Rxd8 23. Rd1 Rxd1+ 24. Qxd1 Qd6 25. Qxd6 Bxd6 26. g4 g6 27. Bf6 h5 28. gxh5 gxh5 29. f3 exf3 30. Kf2 Kh7 31. Kxf3 Kg6 32. Bd4 a6 33. Ke4 1/2-1/2

[Event "Linares 10th"]
[Site "Linares"]
[Date "1992.??.??"]
[Round "8"]
[White "Salov, Valery"]
[Black "Anand, Viswanathan"]
[Result "1/2-1/2"]
[WhiteElo "2655"]
[BlackElo "2670"]
[PlyCount "63"]
[EventDate "1992.02.??"]
[EventType "tourn"]
[EventRounds "13"]
[EventCountry "ESP"]
[EventCategory "17"]
[SourceTitle "CBM 028"]
[Source "ChessBase"]
[SourceDate "1992.06.01"]
[SourceVersion "1"]
[SourceVersionDate "1992.06.01"]
[SourceQuality "1"]

1. d4 d5 2. Nf3 c6 3. c4 Nf6 4. e3 e6 5. Nbd2 Nbd7 6. Bd3 Bd6 7. O-O O-O 8. e4 e5 9. exd5 cxd5 10. cxd5 exd4 11. Nc4 Nc5 12. Nxd6 Qxd6 13. Bc4 Bg4 14. Qxd4 Bxf3 15. gxf3 Ne6 16. Qh4 Nxd5 17. Rd1 Nec7 18. Qg3 Qc6 19. Bb3 Ne7 $146 ({RR} 19... Rac8 20. Bg5 Kh8 21. Rac1 Qb5 22. Bc4 Qd7 23. Bf4 Rfd8 24. Bxc7 Qxc7 25. Bxd5 Qxc1 26. Rxc1 Rxc1+ 27. Kg2 f6 28. Bxb7 g5 29. Be4 Kg7 30. Qh3 Rdd1 31. Qxh7+ {1-0 (31) Danielian,E (2480)-Rogule,L (2241) Stockholm 2008}) 20. Bg5 Nf5 21. Qg4 g6 22. Rac1 Qb6 23. Bc2 Ng7 24. Bb3 Nf5 25. Bc2 Ng7 26. Be3 Qxb2 27. Bd4 Qxa2 28. Bb1 Qa5 29. Bc3 Qb6 30. Bd4 Qa5 31. Bc3 Qb6 32. Bd4 1/2-1/2

[Event "Chess.com Classic Div 3 W"]
[Site "chess.com INT"]
[Date "2024.05.11"]
[Round "3.1"]
[White "Andreikin, D."]
[Black "Karthikeyan, M2."]
[Result "1-0"]
[WhiteElo "2729"]
[BlackElo "2610"]
[PlyCount "61"]
[EventDate "2024.05.10"]
[EventType "k.o."]

1. d4 {ChessBase II} Nf6 2. c4 e6 3. Nf3 d5 4. e3 c5 5. cxd5 exd5 6. Bb5+ Bd7 7. Bxd7+ Nbxd7 8. dxc5 Nxc5 9. O-O Be7 10. b3 O-O 11. Bb2 Rc8 12. Nc3 Nce4 13. Nxe4 dxe4 14. Nd4 ({RR} 14. Qxd8 Rfxd8 15. Nd4 g6 16. Rac1 Nd5 17. Rfd1 Bf6 18. g4 Bg7 19. Nb5 Bxb2 20. Rxc8 Rxc8 21. Rxd5 a6) 14... Qd5 $146 ({RR} 14... Qa5 15. Qe2 a6 16. Rac1 Rfd8 17. Rfd1 Bf8 18. a4 {½-½ (18) Sargissian,G (2676)-Melkumyan,H (2593) Aix les Bains 2011 CBM 142 Extra [ChessBase II]}) 15. Qe2 a6 16. Rac1 h5 17. h3 Rfd8 18. Rxc8 Rxc8 19. Rd1 Qg5 20. Qd2 Bd6 21. Ne6 fxe6 22. Qxd6 Qf5 23. Rd2 Rf8 24. Qe7 b5 25. Rd7 Qg6 26. Qxe6+ Kh7 27. Ra7 Ne8 28. Qxg6+ Kxg6 29. Rxa6+ Nf6 30. Rb6 Ra8 31. a3 1-0

[Event "Gibraltar Masters 18th"]
[Site "Caleta"]
[Date "2020.01.30"]
[Round "10"]
[White "Esipenko, Andrey"]
[Black "Wang, Hao"]
[Result "1/2-1/2"]
[WhiteElo "2654"]
[BlackElo "2758"]
[PlyCount "60"]
[EventDate "2020.01.21"]
[EventType "swiss"]
[EventRounds "10"]
[EventCountry "GGB"]
[SourceTitle "CBM 194 Extra"]
[Source "ChessBase"]
[SourceDate "2020.03.31"]
[SourceVersion "1"]
[SourceVersionDate "2020.03.31"]
[SourceQuality "1"]

1. d4 Nf6 2. c4 e6 3. Nf3 d5 4. g3 Be7 5. Bg2 O-O 6. O-O dxc4 7. Qc2 c6 8. Qxc4 b5 9. Qc2 Bb7 10. Bg5 Nbd7 11. Bxf6 Bxf6 12. Nbd2 c5 13. dxc5 Rc8 14. Nb3 Bd5 15. Ne1 $146 ({RR} 15. Nfd2 Bxg2 16. Kxg2 Be7 17. Rfd1 Nxc5 18. Nxc5 Rxc5 19. Qb3 Qd5+ 20. Qxd5 Rxd5 21. Nf3 Rfd8 22. Rxd5 Rxd5 23. e3 g6 24. Rc1 Rc5 25. Rxc5 Bxc5 26. Kf1 f6 27. Ke2 Kf7 28. h3 e5 29. Nd2 Ke6 {Huang Qian (2426)-Li Ruofan (2304) Liaocheng CHN 2023 ½-½ (50)}) 15... Bxb3 16. Qxb3 Nxc5 17. Qxb5 Qb6 18. Qxb6 axb6 19. Rc1 Bxb2 20. Rb1 Na4 21. Nd3 Bf6 22. Rb4 Nc3 23. Bf3 b5 24. Rc1 Nxa2 25. Rxc8 Rxc8 26. Rxb5 g6 27. Rc5 Rxc5 28. Nxc5 Nc3 29. e3 Kg7 30. Kg2 h5 1/2-1/2

[Event "FIDE Candidates 2026"]
[Site "Pegeia CYP"]
[Date "2026.03.30"]
[Round "2.3"]
[White "Giri, A."]
[Black "Caruana, F."]
[Result "1/2-1/2"]
[WhiteElo "2753"]
[BlackElo "2795"]
[PlyCount "60"]
[EventDate "2026.03.29"]

1. d4 d5 2. c4 e6 3. Nf3 Nd7 4. g3 dxc4 5. Bg2 Rb8 6. a4 b6 7. Nfd2 a5 8. Nxc4 Ba6 9. Nba3 Bb4+ 10. Bd2 Bxa3 11. Nxa3 Ne7 12. O-O O-O 13. b4 axb4 14. Bxb4 c5 15. Bc3 Nf5 $146 ({RR} 15... cxd4 16. Bxd4 Nf5 17. Nb5 Qe7 18. Bc3 Rbc8 19. Qb3 Nc5 20. Qb2 Rfd8 21. Nd4 Nxd4 22. Bxd4 f6 23. Rfd1 Qd6 24. Bf3 Bc4 25. e3 Qc7 26. Bxc5 Rxd1+ 27. Rxd1 bxc5 28. Qb7 Qxb7 29. Bxb7 Rc7 30. Be4 {Zhou,C (1766)-Yu,Z (2307) Daqing CHN 2026 ½-½ (50)}) 16. Nb5 Bxb5 17. axb5 cxd4 18. Bxd4 Nxd4 19. Qxd4 Nc5 20. Rad1 Qxd4 21. Rxd4 Rfd8 22. Rfd1 Rxd4 23. Rxd4 Kf8 24. Rd6 Ke7 25. Rc6 Rd8 26. f4 Rd6 27. Rc7+ Rd7 28. Rc6 Rd6 29. Rc7+ Rd7 30. Rc6 Rd6 1/2-1/2

[Event "Lublin 1st"]
[Site "Lublin"]
[Date "2009.06.05"]
[Round "8"]
[White "Roiz, Michael"]
[Black "Grachev, Boris V"]
[Result "1/2-1/2"]
[WhiteElo "2635"]
[BlackElo "2652"]
[PlyCount "60"]
[EventDate "2009.05.29"]
[EventType "tourn"]
[EventRounds "9"]
[EventCountry "POL"]
[EventCategory "15"]
[SourceTitle "CBM 131"]
[Source "ChessBase"]
[SourceDate "2009.07.15"]
[SourceVersion "1"]
[SourceVersionDate "2009.07.15"]
[SourceQuality "1"]

1. c4 c6 2. Nf3 d5 3. e3 Nf6 4. d4 e6 5. Bd3 dxc4 6. Bxc4 Nbd7 7. O-O Bd6 8. b3 O-O 9. Bb2 Qe7 10. Re1 e5 11. e4 b5 12. Bf1 a6 13. Nbd2 Rd8 14. Qc2 Bb7 15. a4 Rac8 16. g3 g6 $146 ({RR} 16... Ng4 17. Rad1 exd4 18. Nxd4 Bc5 19. N2f3 g6 20. Bh3 h5 21. e5 Bxd4 22. Rxd4 c5 23. Rf4 Nf8 24. e6 Nxe6 25. Qc3 Rd4 26. Nxd4 cxd4 27. Qxd4 Nxd4 28. Rxe7 Nf3+ 29. Kg2 Bd5 30. Rxf3 Rd8 31. axb5 {Aleksandrov,A (2616)-Salem,A (2469) Abu Dhabi 2009 1-0 (45)}) 17. Bh3 Rb8 18. Bg2 Re8 19. Rad1 Rbd8 20. Qb1 Bb4 21. Qa1 Nh5 22. dxe5 Nc5 23. Bc3 Bxc3 24. Qxc3 Nd3 25. Rf1 Nxe5 26. Nxe5 Qxe5 27. Qxe5 Rxe5 28. Nf3 Ree8 29. e5 c5 30. axb5 axb5 1/2-1/2

[Event "WCh 2023"]
[Site "Astana KAZ"]
[Date "2023.04.10"]
[Round "2.1"]
[White "Ding Liren"]
[Black "Nepomniachtchi, I."]
[Result "0-1"]
[WhiteElo "2788"]
[BlackElo "2795"]
[PlyCount "58"]
[EventDate "2023.04.09"]

1. d4 Nf6 2. c4 e6 3. Nf3 d5 4. h3 dxc4 5. e3 c5 6. Bxc4 a6 7. O-O Nc6 8. Nc3 b5 9. Bd3 Bb7 10. a4 b4 11. Ne4 Na5 12. Nxf6+ $146 ({RR} 12. Nxc5 Bxc5 13. dxc5 Be4 14. Bxe4 Qxd1 15. Bc6+ Nxc6 16. Rxd1 Rd8 17. Bd2 Ke7 18. Rac1 Rd5 19. Nd4 Nxd4 20. exd4 a5 21. Be3 Rc8 22. Kf1 Kd7 23. Ke2 Kc6 24. Kd3 e5 25. Ke2 e4 26. g4 Rd7 {Duda,J (2724)-Belozerov,A (2461) chess.com INT 2023 1-0 (47)}) 12... gxf6 13. e4 c4 14. Bc2 Qc7 15. Bd2 Rg8 16. Rc1 O-O-O 17. Bd3 Kb8 18. Re1 f5 19. Bc2 Nc6 20. Bg5 Rxg5 21. Nxg5 Nxd4 22. Qh5 f6 23. Nf3 Nxc2 24. Rxc2 Bxe4 25. Rd2 Bd6 26. Kh1 c3 27. bxc3 bxc3 28. Rd4 c2 29. Qh6 e5 0-1

[Event "TUR-chT2"]
[Site "Konya"]
[Date "2011.07.07"]
[Round "5"]
[White "Zhigalko, Sergei"]
[Black "Kobalia, Mihail"]
[Result "1/2-1/2"]
[WhiteElo "2689"]
[BlackElo "2679"]
[PlyCount "57"]
[EventDate "2011.07.04"]
[EventType "team-swiss"]
[EventRounds "9"]
[EventCountry "TUR"]
[SourceTitle "CBM 143 Extra"]
[Source "ChessBase"]
[SourceDate "2011.08.29"]
[SourceVersion "1"]
[SourceVersionDate "2011.08.29"]
[SourceQuality "1"]
[WhiteTeam "Kahramanmaras Belediye"]
[BlackTeam "Adana Ceyhan Belediye"]
[WhiteTeamCountry "TUR"]
[BlackTeamCountry "TUR"]

1. d4 d5 2. c4 c6 3. Nf3 Nf6 4. e3 e6 5. b3 c5 6. Bb2 cxd4 7. exd4 b6 8. Bd3 Bb7 9. O-O Be7 10. Qe2 Nc6 11. Nbd2 Nb4 12. Bb1 O-O 13. Ne5 Rc8 14. Ndf3 $146 ({RR} 14. f4 g6 15. g4 dxc4 16. bxc4 b5 17. g5 Nh5 18. c5 f5 19. a3 Nd5 20. Nd3 Qd7 21. Ba2 Rfe8 22. Rae1 Bf8 23. Bb1 Bg7 24. Nf3 a6 25. Nfe5 Qc7 {1-0 (25) Arribas Lopez,A (2461)-Grandadam,N (2221) Kemer 2009}) 14... Nd7 15. Rd1 g6 16. a3 Nc6 17. cxd5 Ncxe5 18. dxe5 Bxd5 19. b4 Bxf3 20. Qxf3 Qc7 21. Qe4 b5 22. Bd3 a6 23. a4 Nb6 24. axb5 axb5 25. Bxb5 Nd5 26. Ba6 Qc2 27. Qd4 Rcd8 28. Bd3 Qb3 29. Bc4 1/2-1/2

[Event "79th ch-AZE 2025"]
[Site "Baku AZE"]
[Date "2025.02.12"]
[Round "4.3"]
[White "Radjabov, T."]
[Black "Mamedov, Rau"]
[Result "1/2-1/2"]
[WhiteElo "2698"]
[BlackElo "2656"]
[PlyCount "57"]
[EventDate "2025.02.01"]
[EventType "k.o."]

1. d4 d5 2. c4 e6 3. e3 Nf6 4. Nf3 c5 5. cxd5 exd5 6. Nc3 Nc6 7. Be2 cxd4 8. exd4 Bd6 9. Bg5 Be6 10. Qb3 O-O ({RR} 10... Qd7 11. Bxf6 gxf6 12. Nxd5 Bxd5 13. Qd3 Nb4 14. Qd1 O-O-O 15. Nh4 Rde8 16. a3 Rxe2+ 17. Kf1 Rhe8 {0-1 (17) Abdulla Ali Almansoori-Iliev,S (1671) Montesilvano ITA 2024}) 11. O-O h6 12. Qxb7 $146 ({RR} 12. Bh4 g5 13. Bg3 g4 14. Ne5 Nxd4 15. Qxb7 Ne4 16. Nc6 Nxc6 17. Qxc6 Rc8 18. Qa6 Nxg3 19. hxg3 Qb6 20. Qd3 Qxb2 21. Nxd5 Rfd8 22. Rab1 Qe5 23. Rb5 Qg7 24. Qe4 Bc5 25. Nf4 Bd7 26. Rxc5 Rxc5 {Hennrich,R (1838)-Hassenrueck,H (2240) Neustadt an der Weinstrasse 2015 0-1 (59)}) 12... Nxd4 13. Nxd4 hxg5 14. Ncb5 Bc5 15. b4 Qb6 16. Qxb6 Bxb6 17. a4 a5 18. bxa5 Bxa5 19. Nc6 Bd7 20. Nxa5 Rxa5 21. Rfd1 Rfa8 22. Nc7 Rc8 23. Nb5 g6 24. f3 Kg7 25. Kf1 Rca8 26. Nc7 Rc8 27. Nb5 Rca8 28. Nc7 Rc8 29. Nb5 1/2-1/2

[Event "Kharkov Femida 6th"]
[Site "Kharkov"]
[Date "2010.11.23"]
[Round "1"]
[White "Ponomariov, Ruslan"]
[Black "Moiseenko, Alexander"]
[Result "1/2-1/2"]
[WhiteElo "2744"]
[BlackElo "2670"]
[PlyCount "55"]
[EventDate "2010.11.23"]
[EventType "team-tourn"]
[EventRounds "3"]
[EventCountry "UKR"]
[SourceTitle "CBM 139 Extra"]
[Source "ChessBase"]
[SourceDate "2011.01.05"]
[SourceVersion "1"]
[SourceVersionDate "2011.01.05"]
[SourceQuality "1"]
[WhiteTeam "Kiev Kievchess"]
[BlackTeam "Kharkov Law Academy"]
[WhiteTeamCountry "UKR"]
[BlackTeamCountry "UKR"]

1. d4 Nf6 2. Nf3 e6 3. e3 d5 4. c4 c5 5. cxd5 exd5 6. Bb5+ Bd7 7. Bxd7+ Nbxd7 8. dxc5 Nxc5 9. O-O Be7 10. Nc3 O-O 11. b3 Nce4 12. Ne2 Rc8 13. Bb2 Qa5 14. a3 Qa6 15. Nfd4 Rfd8 16. f3 Nc5 $146 ({RR} 16... Nd6 17. Nf4 Bf8 18. Qd3 Qb6 19. Rf2 a6 20. g4 Nb5 21. Nxb5 Qxb5 22. Rd1 d4 23. Qxb5 axb5 24. Rfd2 Re8 25. e4 Nd7 26. Bxd4 Nc5 27. b4 Nb3 28. Rd3 Bd6 29. Be3 {1-0 (29) Demuth,A (2541)-Brull Mayol,C (2217) Llucmajor 2016}) 17. Qd2 Bf8 18. Rfd1 Qb6 19. Qb4 Qa6 20. Qd2 Qb6 21. Rab1 Re8 22. Nf4 Bd6 23. Nd3 a6 24. Nxc5 Bxc5 25. b4 Bf8 26. Rbc1 Rc4 27. Qd3 g6 28. Rxc4 1/2-1/2

[Event "Corus"]
[Site "Wijk aan Zee"]
[Date "2008.01.25"]
[Round "11"]
[White "Ivanchuk, Vassily"]
[Black "Adams, Michael"]
[Result "1/2-1/2"]
[WhiteElo "2751"]
[BlackElo "2726"]
[PlyCount "56"]
[EventDate "2008.01.12"]
[EventType "tourn"]
[EventRounds "13"]
[EventCountry "NED"]
[EventCategory "20"]
[SourceTitle "CBM 122"]
[Source "ChessBase"]
[SourceDate "2008.01.30"]
[SourceVersion "1"]
[SourceVersionDate "2008.01.30"]
[SourceQuality "1"]

1. c4 Nf6 2. Nf3 e6 3. g3 d5 4. Bg2 dxc4 5. Qa4+ c6 6. Qxc4 b5 7. Qc2 Bb7 8. d4 Nbd7 9. Ne5 Qb6 10. Nxd7 Nxd7 11. Be3 Bb4+ 12. Nd2 ({RR} 12. Nc3 c5 13. dxc5 {½-½ (13) Nguyen Van Huy (2352)-Nguyen,Q (2413) Kuala Lumpur MAS 2025}) 12... c5 13. Bxb7 $146 ({RR} 13. dxc5 Bxc5 14. Bxc5 Nxc5 15. Bxb7 Qxb7 16. O-O Rc8 17. Rac1 O-O 18. b3 Rfd8 19. Qb2 h6 20. Rc2 Rd5 21. Nf3 Rcd8 22. Rd2 Rxd2 23. Nxd2 Qd5 24. Nf3 b4 25. Rc1 Nd3 26. exd3 Qxf3 27. d4 Qe4 {Fierro Baquero,M (2353)-Xu,Y (2484) Doha 2011 0-1 (40)}) 13... Qxb7 14. O-O cxd4 15. Bxd4 O-O 16. Rfd1 Be7 17. Rac1 Rac8 18. Qe4 Qa6 19. Qd3 Nf6 20. Nb3 h6 21. a4 Qxa4 22. Rxc8 Rxc8 23. Ra1 Qb4 24. Rxa7 Nd5 25. Rb7 Qc4 26. Qf3 Rc7 27. Rb8+ Rc8 28. Rb7 Rc7 1/2-1/2

[Event "Olympiad-36"]
[Site "Mallorca"]
[Date "2004.10.29"]
[Round "14"]
[White "Kempinski, Robert"]
[Black "Gustafsson, Jan"]
[Result "1/2-1/2"]
[WhiteElo "2608"]
[BlackElo "2603"]
[PlyCount "53"]
[EventDate "2004.10.15"]
[EventType "team-swiss"]
[EventRounds "14"]
[EventCountry "ESP"]
[SourceTitle "CBM 104"]
[Source "ChessBase"]
[SourceDate "2005.01.27"]
[SourceVersion "1"]
[SourceVersionDate "2005.01.27"]
[SourceQuality "1"]
[WhiteTeam "Poland"]
[BlackTeam "Germany"]
[WhiteTeamCountry "POL"]
[BlackTeamCountry "GER"]

1. d4 Nf6 2. c4 e6 3. Nf3 d5 4. e3 a6 5. b3 c5 6. Nbd2 Nc6 7. Bb2 cxd4 8. exd4 g6 9. g3 Bg7 10. Bg2 O-O 11. O-O b6 12. Ne5 Bb7 13. Qe2 $146 ({RR} 13. Rc1 Rc8 14. Ndf3 dxc4 15. bxc4 Nxe5 16. Nxe5 Bxg2 17. Kxg2 b5 18. Qf3 bxc4 19. Nc6 Qd7 20. Rxc4 Nd5 21. Rfc1 Rc7 22. Ne5 Bxe5 23. dxe5 Rxc4 24. Rxc4 Qb5 25. Rc2 Qa4 26. Qb3 Qe4+ 27. Kg1 Rd8 {Dorokhina,E (2132)-Nemeth,Z (2234) Budapest HUN 2026 ½-½ (57)}) 13... Rc8 14. Rfd1 dxc4 15. Ndxc4 b5 16. Bxc6 Bxc6 17. Nxc6 Rxc6 18. Ne5 Rc8 19. a4 Qd5 20. axb5 axb5 21. Ra5 Qxb3 22. Rxb5 Qc2 23. Qxc2 Rxc2 24. Rc1 Rxc1+ 25. Bxc1 Rc8 26. Bd2 Ne4 27. Bb4 1/2-1/2

[Event "EU-ch 16th"]
[Site "Jerusalem"]
[Date "2015.03.02"]
[Round "6"]
[White "Dubov, Daniil"]
[Black "Nisipeanu, Liviu Dieter"]
[Result "1/2-1/2"]
[WhiteElo "2632"]
[BlackElo "2654"]
[PlyCount "51"]
[EventDate "2015.02.24"]
[EventType "swiss"]
[EventRounds "11"]
[EventCountry "ISR"]
[SourceTitle "CBM 166"]
[Source "ChessBase"]
[SourceDate "2015.05.11"]
[SourceVersion "1"]
[SourceVersionDate "2015.05.11"]
[SourceQuality "1"]

1. d4 Nf6 2. c4 e6 3. Nf3 d5 4. Bg5 Bb4+ 5. Nbd2 h6 6. Bxf6 Qxf6 7. a3 Bxd2+ 8. Qxd2 c6 9. e3 O-O 10. Be2 $146 ({RR} 10. Rc1 Nd7 11. Qc3 Re8 12. Be2 dxc4 13. Ne5 c5 14. Nxd7 Bxd7 15. dxc5 Qg5 16. Bf3 {½-½ (16) Ipatov,A (2650)-Vorontsov,P (2564) Philadelphia 2018}) 10... dxc4 11. Bxc4 Nd7 12. O-O e5 13. Nxe5 Nxe5 14. dxe5 Qxe5 15. Rad1 Bf5 16. Qb4 b5 17. Be2 a5 18. Qd4 Qxd4 19. Rxd4 Rfd8 20. Bf3 Rxd4 21. exd4 Rd8 22. Rd1 Rd6 23. Kf1 g5 24. b4 axb4 25. axb4 Be6 26. h3 1/2-1/2

[Event "Airthings Masters Play-In"]
[Site "chess.com INT"]
[Date "2023.02.03"]
[Round "1"]
[White "Andreikin, D."]
[Black "Malakhov, V."]
[Result "1-0"]
[WhiteElo "2729"]
[BlackElo "2650"]
[PlyCount "51"]
[EventDate "2023.02.03"]

1. Nf3 d5 2. d4 Nf6 3. c4 e6 4. Bg5 a6 5. cxd5 exd5 6. e3 Be6 7. Nc3 Nbd7 8. h3 $146 ({RR} 8. Bd3 Bd6 9. O-O c6 10. Bf4 Qc7 11. Bg3 O-O 12. Rc1 Bxg3 13. hxg3 Qd6 14. Qc2 Bg4 15. Na4 Rfe8 16. Nc5 Nxc5 17. Qxc5 Ne4 18. Bxe4 Qxc5 19. Bxh7+ Kxh7 20. Rxc5 Bxf3 21. gxf3 f5 22. Kg2 Kg6 {Bartholomew,J (2446)-Graif,W (2305) Chess.com INT 2022 1-0 (35)}) 8... Bd6 9. Bd3 c6 10. O-O O-O 11. Nd2 h6 12. Bh4 g5 13. Bg3 Bxg3 14. fxg3 Kg7 15. g4 Nb6 16. Rf2 Nc4 17. Nxc4 dxc4 18. Bc2 Nd5 19. Qf3 Nb4 20. Be4 Nd3 21. Bxd3 cxd3 22. Qe4 Qd7 23. Raf1 b5 24. Qe5+ Kg6 25. Rf6+ Kh7 26. Rxh6+ 1-0

[Event "Titled Tue 7th Jan Late"]
[Site "chess.com INT"]
[Date "2025.01.07"]
[Round "9"]
[White "Xiong, Jeffery"]
[Black "Carlsen, M."]
[Result "0-1"]
[WhiteElo "2636"]
[BlackElo "2831"]
[PlyCount "52"]
[EventDate "2025.01.07"]

1. d4 d5 2. c4 e6 3. Nf3 c6 4. Qc2 Nf6 5. g3 dxc4 6. Qxc4 b5 7. Qb3 Bb7 8. Bg2 a6 9. a4 Nbd7 10. O-O c5 11. axb5 Bd5 12. Qc2 axb5 13. Rxa8 Qxa8 14. Nc3 Bc6 15. dxc5 Bxc5 16. b4 $146 ({RR} 16. Bg5 O-O 17. Bxf6 Nxf6 18. Nh4 b4 19. Nb1 Bxg2 20. Nxg2 Rc8 21. Qb3 Ng4 22. Nd2 Rd8 23. Qc2 Rc8 24. Qe4 Nxf2 25. Rxf2 Qa1+ 26. Qb1 Bxf2+ 27. Kxf2 Qxb1 28. Nxb1 Rc2 29. Ke3 Rxb2 30. Nd2 Ra2 {Ikonnikov,V (2540)-Bagirov,V (2505) Deizisau 1997 ½-½ (33)}) 16... Bxb4 17. Nxb5 O-O 18. Nbd4 Be4 19. Qb2 Rb8 20. Bd2 Bc5 21. Qa1 Qd5 22. Bc3 e5 23. Nc2 Bxc2 24. Nxe5 Be4 25. Rd1 Qxd1+ 26. Qxd1 Rb1 0-1

[Event "EU-ch 12th"]
[Site "Aix les Bains"]
[Date "2011.04.02"]
[Round "11"]
[White "Chatalbashev, Boris"]
[Black "Andriasian, Zaven"]
[Result "1/2-1/2"]
[WhiteElo "2602"]
[BlackElo "2645"]
[Annotator "ChessBase II"]
[PlyCount "47"]
[EventDate "2011.03.22"]
[EventType "swiss"]
[EventRounds "11"]
[EventCountry "FRA"]
[SourceTitle "CBM 142 Extra"]
[Source "ChessBase"]
[SourceDate "2011.06.27"]
[SourceVersion "1"]
[SourceVersionDate "2011.06.27"]
[SourceQuality "1"]
[TimeControl "40/5400+30:1800+30"]

1. d4 d5 2. c4 c6 3. Nf3 Nf6 4. e3 e6 5. Bd3 dxc4 6. Bxc4 Nbd7 7. O-O Bd6 8. Nbd2 O-O 9. b3 Qe7 10. Bb2 e5 11. Qc2 e4 12. Ng5 Bxh2+ 13. Kxh2 Ng4+ 14. Kg1 Qxg5 15. Qxe4 Ndf6 16. Qf4 Qxf4 17. exf4 Bd7 $146 ({RR} 17... Nd5 18. Bxd5 cxd5 19. Rfe1 Bd7 20. f3 Nf6 21. Kf2 Rfc8 22. Rac1 Rxc1 23. Rxc1 Rc8 24. Rxc8+ {[%emt 0:33:29] 1/2-1/2 Dizdar,G (2564)-Horvath,C (2530)/Austria 2008/EXT}) ({RR} 17... Bf5 18. Rfe1 Rfe8 19. Nf3 Nd5 20. Bxd5 cxd5 21. Ne5 {½-½ (21) Keymer,V (2591)-Sasikiran,K (2647) Tornelo INT 2021}) ({RR} 17... Nd5 18. Bxd5 cxd5 19. Rfe1 Bd7 20. f3 Nf6 21. Kf2 Rfc8 22. Rac1 Rxc1 23. Rxc1 Rc8 24. Rxc8+ {½-½ (24) Dizdar,G (2564)-Horvath,C (2530) Austria 2008}) 18. Nf3 {[%cal Gf3e5]} Nd5 19. Ne5 $14 Rad8 20. Bxd5 cxd5 21. Ba3 Rfe8 22. Rfe1 Nxe5 23. fxe5 Rc8 24. Rac1 {0h:31m:00s} 1/2-1/2